| 000 | 00715cam a22001815a 4500 | ||
|---|---|---|---|
| 001 | L155388 | ||
| 008 | 120320m17791796xxk f 000 0 eng d | ||
| 035 | _a(Sirsi) u155388 | ||
| 041 | 0 | _aeng | |
| 100 | 1 |
_aAnderson, James _d1739-1808 |
|
| 245 | 0 | 0 |
_aEssays relating to agriculture and rural affairs _b... . The third edition, with large additions. By James Anderson, Farmer at Monks-Hill, Aberdeenshire |
| 260 |
_aDublin _bprinted for W. Hallhead, E. Lynch, L. Flin, C. Jenkin, J. Williams, L. White, and W. Spotswood _cMDCCLXXIX. [1779-1796] |
||
| 300 |
_a3v., plates _c8o |
||
| 583 |
_aCondition reviewed _c20120620 _lcondition level 2 |
||
| 651 | 4 |
_aGreat Britain _y1707- |
|
| 690 |
_aRural _96268 |
||
| 942 | _n0 | ||
| 999 |
_c113531 _d113531 |
||